Slovnaft sa v minulom roku odrazil od dna

Rok 1994 bol veľmi úspešný pre Slovnaft - zvýšenie výnosov a zdvojnásobenie zisku. Od r.1993 polovica dovozu vlastnými silami. Uplatnenie výrobkov Slovnaftu na domácom a zahraničnom trhu. Úverová politika spoločnosti - vlastné zdroje a zahraničné úvery. Decentralizácia v organizačnej štruktúre spolo...

ver descrição completa

Na minha lista:
Detalhes bibliográficos
Autor principal: Hajko, J.
Formato: Capítulo de Livro
Idioma:eslovaco
Assuntos:
Tags: Adicionar Tag
Sem tags, seja o primeiro a adicionar uma tag!

MARC

LEADER 00000naa a2200000 4500
001 r018457
005 20221205103117.1
041 0 |a slo 
044 |a SK 
245 1 0 |a Slovnaft sa v minulom roku odrazil od dna  |c J. Hajko 
520 |a Rok 1994 bol veľmi úspešný pre Slovnaft - zvýšenie výnosov a zdvojnásobenie zisku. Od r.1993 polovica dovozu vlastnými silami. Uplatnenie výrobkov Slovnaftu na domácom a zahraničnom trhu. Úverová politika spoločnosti - vlastné zdroje a zahraničné úvery. Decentralizácia v organizačnej štruktúre spoločnosti. Rast priemernej mzdy. FNM - dominantný akcionár Slovnaftu (73,6 perc. základného imania spol.). FNM a privatizácia Slovnaftu. 
610 2 0 |a Slovnaft, a.s. Bratislava 
610 2 0 |a petrochémia 
610 2 0 |a výrobky petrochemické 
610 2 0 |a spoločnosti akciové 
610 2 0 |a zisk 
610 2 0 |a úver 
610 2 0 |a úver zahraničný 
610 2 0 |a štruktúra organizačná 
610 2 0 |a decentralizácia 
610 2 0 |a mzdy priemerné 
610 2 0 |a privatizácia 
610 2 0 |a FNM SR Bratislava 
100 1 |a Hajko, J.